01317nam a2200205Ia 450000500170000000800410001704100080005808200190006610000140008524500390009925000120013826000270015036500160017752006680019370000290086190600320089094200070092299900190092995201630094820240924174119.0230718s9999 xx 000 0 und d aeng a620.112'3bBEE aBeer F.P. aMechanics Of Materials In SI Units a3rd ed. bTata Mc-graw Hill Pub. cRs.b325.00 a1) Introduction-Concept ofStress 2) Stress and Strain-AxialLoading 3) Torsion 4) Pure Bending 5) Analysis and Design ofBeams for Bending 6) Shearing Stresses inBeams and Thin-Walled Members 7) Transformations ofStress and Strain 8) Principal StressesUnder a Given Loading 9) Deflection of Beams 10) Columns 11) Energy Methods Appendices A - Principal Units Usedin Mechanics B - Centroids and Momentsof Areas C - Centroids and Momentsof Inertia of Common Geometric Shapes D - Typical Properties ofSelected Materials Used in Engineering E - Properties ofRolled-Steel Shapes F - Beam Deflections andSlopes G - Fundamentals ofEngineering Examination aBeer F.P. & Johnson E.R. dB:326524-Jan-2008cMECHb65 cBK c318277d318277 00104070aCCEPbCCEPd2008-01-30eTbsfMECHg260.00i3265l12o620.112'3pCCEP-BK-29484r2025-12-02 12:14:01s2025-11-07t65v325.00w2008-01-24yBKz029484